000 00354nam a2200145Ia 4500
008 150201s1999 xx 000 0 und d
082 _a612.015
_bV1999C
100 _aCHATTERJEE MN
245 _aVIVA IN BIOCHEMISTRY
250 _a1ST
260 _bJAYPEE MEDICAL PUBLISHER
_aDELHI
_c1999
300 _a1-475
650 _aBIOCHEMISTRY
942 _2ddc
_cBK
999 _c2549
_d2549